000 00644nam a2200229 i 4500
001 C2-0144007
003 PPAK
005 20180727130243.0
008 980120s1992 enka|||| ||||| | eng d
020 _a185532248X
040 _aPPAK
_beng
_cPPAK
_erda
082 0 4 _a623.746
_223
090 0 0 _a623.746
_bHAL
_dR
100 1 _aHall, George,
_eauthor
245 1 0 _aSouthern warriors :
_bdefenders of the Mississippi delta
264 1 _aLondon :
_bOsprey ,
_c1992
300 _a126 pages :
_bcolour illustrations ;
_c23 cm
336 _2rdacontent
_atext
337 _2rdamedia
_aunmediated
338 _2rdacarrier
_avolume
942 _ddc
_cB
999 _c45386
_d45386